| 000 | 00000nas 2200000za 4500 |
| 001 | 9.820869 |
| 003 | CaOODSP |
| 005 | 20221107143325 |
| 007 | cr ||||||||||| |
| 008 | 160712d19541954onc x p oss f0###b0fre|d |
| 022 | |y0837-9645 |
| 040 | |aCaOODSP|bfre |
| 043 | |an-cn--- |
| 086 | 1 |aCS81-502F-PDF |
| 245 | 00|aRépertoire des institutions d'enseignement supérieur au Canada |h[ressource électronique]. |
| 260 | |a[Ottawa] : |bBureau fédéral de la statistique, Division de l'éducation, |c[1954]. |
| 310 | |aIrrégulier |
| 362 | 0 |a[1953/1954]. |
| 490 | 1 |aDocument de référence ; |vno 48 |
| 500 | |aPubli. aussi en anglais sous le titre : List of institutions of higher education in Canada. |
| 500 | |aÉdition numérisée de l’imprimé [par Statistique Canada]. |
| 580 | |aFusionné avec: List of institutions of higher education in Canada, et devient: Canadian institutions of higher education. |
| 692 | 07|2gccst|aUniversité |
| 692 | 07|2gccst|aCollège |
| 710 | 1 |aCanada.|bBureau fédéral de la statistique.|bDivision de l'éducation. |
| 775 | 08|tList of institutions of higher education in Canada |w(CaOODSP)9.820868 |
| 780 | 00|tSurvey of higher education |w(CaOODSP)9.818254 |
| 785 | 00|tCanadian institutions of higher education |w(CaOODSP)9.820874 |
| 830 | #0|aDocument de référence (Canada. Bureau fédéral de la statistique)|vno 48|w(CaOODSP)9.820714 |